'Rachel' From Friends Trivia - Statistics

General Stats
  • This quiz has been taken 18 times
  • The average score is 8 of 9
Answer Stats
Hint Answer % Correct
TRUE OR FALSE? Rachel likes eating Mac and C.H.E.E.S.E False
100%
Who does Rachel make out with in Barbados? Joey
100%
Who does Rachel walk out on her wedding day in the first episode? Barry
94%
What is Rachel's first job? Waitress
94%
What does Rachel make at Central Perk? Coffee
89%
Who does Rachel have a crush on for the whole series? Ross
89%
What does Rachel call her father? Daddy
83%
Who does Rachel date on the prom? Chip
72%
When is Rachel's birthday? May 5
56%
No matching quizzes found
Score Distribution
Percent of People with Each Score
Percentile by Number Answered
Your Score History
You have not taken this quiz